000 00540cam a22002171 4500
001 sa 63003239
003 DLC
005 20260227111940.0
008 940714s1962 ii 000 0 maro
010 _asa 63003239
025 _aPL480:I-Mar-124
035 _a(OCoLC)30762867
040 _aDLC
_cCU
_dCU
_dDLC
050 0 0 _aZ244
_b.D38
100 1 _aDevalkuḷe, Va. Ga.,
_d1913-
245 1 0 _aChāpakhānā kasā kāḍhāvā.
260 _c[1962]
300 _a40 p.
_c22 cm.
500 _aIn Marathi.
650 0 _aPrinting
_zIndia.
999 _c54975
_d54975